| 000 | 00611nam a22002297a 4500 | ||
|---|---|---|---|
| 005 | 20170124105938.0 | ||
| 010 | _aA-410521 | ||
| 020 | _c35.00 | ||
| 035 | _aA-410521 | ||
| 037 | _bCen Lib/Ret | ||
| 040 |
_aDPL _bEN |
||
| 082 | _a230.1 | ||
| 100 |
_aDharma,P.C. _910382 |
||
| 245 |
_aThe ramayana polity / _cby P.C.Dharma |
||
| 260 |
_aBombay _bBhartiya vidya bhawan _c11941 |
||
| 270 |
_aKulpati munshi marg _bBombay _e400007 |
||
| 300 |
_axiii,139p. _c20cm(Hb) |
||
| 650 |
_aHindu-Religion _910383 |
||
| 650 |
_aRamayana _910384 |
||
| 700 | _910336 | ||
| 942 |
_2ddc _cEN _h230.1 _mDHA |
||
| 999 |
_c124331 _d124331 |
||